| 000 | 00493nam a22001697a 4500 | ||
|---|---|---|---|
| 008 | 131213b xxu||||| |||| 00| 0 eng d | ||
| 020 | _a9781844655304 | ||
| 050 | _aHM22.F8.B745 J52 | ||
| 245 |
_aPierre Bourdieu _bKey Concepts _cedited by Michael Grenfell |
||
| 250 | _a2nd ed. | ||
| 260 |
_aDurham _bAcumen _c2008 |
||
| 300 |
_axi, 292p.; _c22cm. |
||
| 440 |
_aKey Concepts _95609 |
||
| 600 |
_aBourdieu, Pierre _95610 |
||
| 700 |
_aGrenfell, Michael (ed.) _95611 |
||
| 942 |
_2lcc _cMONOGRAPH |
||
| 999 |
_c119236 _d119236 |
||